[Event "Gaia Profigaia op 18th"]
[Site "Vila Nova de Gaia"]
[Date "2018.07.01"]
[Round "7"]
[White "Pinheiro, Albano Guise"]
[Black "Camacho, Diogo Fernandes Bri"]
[Result "1-0"]
[WhiteElo "2009"]
[BlackElo "1425"]
[PlyCount "53"]
[EventDate "2018.06.27"]
[EventType "swiss"]
[EventRounds "7"]
[EventCountry "POR"]
[SourceTitle "CBM 185 Extra"]
[Source "ChessBase"]
[SourceDate "2018.07.29"]
[SourceVersion "1"]
[SourceVersionDate "2018.07.29"]
[SourceQuality "1"]

1. e4 c5 2. c3 d6 3. Nf3 g6 4. d4 cxd4 5. cxd4 Bg7 6. Nc3 Nf6 7. Bc4 0-0 8. 0-0 a6 9. a4 Qc7 10. Bb3 Nc6 11. Bg5 h6 12. Bxf6 Bxf6 13. Nd5 Qa5 14. Nxf6+ exf6 15. h3 f5 16. e5 dxe5 17. d5 Rd8 18. Qc1 e4 19. dxc6 exf3 20. Qxh6 Rd6 21. Rfe1 Qd8 22. Rad1 Rxd1 23. Qxg6+ Kh8 24. Qh6+ Kg8 25. Rxd1 Qe7 26. gxf3 bxc6 27. Kh1 1-0

[Event "POR-ch U16"]
[Site "Luso"]
[Date "2018.03.27"]
[Round "5"]
[White "Camacho, Diogo Fernandes Bri"]
[Black "Goncalves, Gabriel Sobral"]
[Result "0-1"]
[WhiteElo "1391"]
[BlackElo "1825"]
[PlyCount "66"]
[EventDate "2018.03.24"]
[EventType "swiss"]
[EventRounds "7"]
[EventCountry "POR"]
[SourceTitle "EXT 2019"]
[Source "ChessBase"]
[SourceDate "2018.10.10"]
[SourceVersion "1"]
[SourceVersionDate "2018.10.10"]
[SourceQuality "1"]

1. e4 e5 2. Nf3 Nc6 3. Bb5 a6 4. Ba4 Nf6 5. 0-0 b5 6. Bb3 Be7 7. Re1 0-0 8. c3 d6 9. h3 Na5 10. Bc2 c5 11. d4 Qc7 12. Bg5 h6 13. Bh4 Nc6 14. dxe5 dxe5 15. Nbd2 Be6 16. a4 c4 17. Qe2 Rfd8 18. Bg3 Nd7 19. b3 Na5 20. b4 Nc6 21. Ra2 f6 22. Rea1 Rab8 23. axb5 axb5 24. Ra6 Nb6 25. Qe3 Rb7 26. Bd1 Rd3 27. Qe1 Rxc3 28. Nb3 Rxb3 29. Bxb3 cxb3 30. Rc1 Nc4 31. Nd2 b2 32. Rc2 Bxb4 33. Qe2 Bxd2 0-1

[Event "POR-ch U14"]
[Site "Luso"]
[Date "2017.04.11"]
[Round "7"]
[White "Lomba, Lucas"]
[Black "Camacho, Diogo Fernandes Bri"]
[Result "0-1"]
[WhiteElo "1218"]
[BlackElo "1347"]
[PlyCount "68"]
[EventDate "2017.04.08"]
[EventType "swiss"]
[EventRounds "8"]
[EventCountry "POR"]
[SourceTitle "EXT 2018"]
[Source "ChessBase"]
[SourceDate "2017.10.13"]
[SourceVersion "1"]
[SourceVersionDate "2017.10.13"]
[SourceQuality "1"]

1. e4 c5 2. Nf3 Nc6 3. d4 cxd4 4. Nxd4 d6 5. Nc3 a6 6. Bc4 g6 7. Bb3 Bg7 8. Be3 Nf6 9. 0-0 0-0 10. Qd2 Bd7 11. Rfd1 Qc7 12. Bh6 Nxd4 13. Bxg7 Nxb3 14. cxb3 Kxg7 15. Rac1 Qa5 16. Qe2 Rac8 17. Qd3 Rc7 18. Qd4 Rfc8 19. f4 Qc5 20. Qxc5 Rxc5 21. b4 Rc4 22. e5 Ne4 23. exd6 Nxc3 24. Rxc3 Rxc3 25. bxc3 exd6 26. Rxd6 Be6 27. Rb6 Rxc3 28. Rxb7 Rc1+ 29. Kf2 Rc2+ 30. Kg3 Rxa2 31. Ra7 Bc4 32. h4 Rb2 33. Rb7 Bb5 34. Kf3 Bc6+ 0-1

[Event "POR-ch U14"]
[Site "Luso"]
[Date "2016.07.23"]
[Round "6"]
[White "Rego, Joao Rui Farias Soa"]
[Black "Camacho, Diogo Fernandes Bri"]
[Result "1/2-1/2"]
[WhiteElo "1547"]
[BlackElo "1289"]
[PlyCount "88"]
[EventDate "2016.07.20"]
[EventType "swiss"]
[EventRounds "7"]
[EventCountry "POR"]
[SourceTitle "EXT 2018"]
[Source "ChessBase"]
[SourceDate "2017.10.13"]
[SourceVersion "1"]
[SourceVersionDate "2017.10.13"]
[SourceQuality "1"]

1. e4 c5 2. b3 Nc6 3. Bb2 d6 4. Bc4 Nf6 5. Nc3 g6 6. Bb5 Bg7 7. d3 0-0 8. Bxc6 bxc6 9. Qd2 Bd7 10. 0-0-0 Qa5 11. Kb1 Rab8 12. h3 Be6 13. g4 Nd7 14. f4 c4 15. Na4 Qxd2 16. Rxd2 cxb3 17. axb3 Nb6 18. Bxg7 Kxg7 19. Nxb6 axb6 20. f5 Bd7 21. Nf3 f6 22. Kb2 Ra8 23. Rdd1 Ra7 24. Ra1 Rfa8 25. Rxa7 Rxa7 26. h4 c5 27. h5 g5 28. Nd2 b5 29. Nf1 h6 30. Ne3 Bc6 31. Nd5 Kf8 32. Ra1 Rxa1 33. Kxa1 Ke8 34. Kb2 Kd7 35. Kc3 Bxd5 36. exd5 Kc7 37. d4 Kb6 38. Kd3 Ka5 39. c3 b4 40. dxc5 dxc5 41. c4 Kb6 42. Ke3 Kc7 43. Ke4 Kd6 44. Kd3 Ke5 1/2-1/2

[Event "Coimbra Queima das Fitas op"]
[Site "Coimbra"]
[Date "2016.04.24"]
[Round "5"]
[White "Camacho, Diogo Fernandes Bri"]
[Black "Nunes, Eduardo Tavares"]
[Result "1/2-1/2"]
[WhiteElo "1319"]
[BlackElo "1402"]
[PlyCount "156"]
[EventDate "2016.04.22"]
[EventType "swiss"]
[EventRounds "7"]
[EventCountry "POR"]
[SourceTitle "EXT 2018"]
[Source "ChessBase"]
[SourceDate "2017.10.13"]
[SourceVersion "1"]
[SourceVersionDate "2017.10.13"]
[SourceQuality "1"]

1. c4 c5 2. d3 Nf6 3. Nc3 g6 4. g3 Bg7 5. Bg2 0-0 6. Nf3 d6 7. 0-0 Nc6 8. Bd2 Bd7 9. a3 a6 10. Rb1 Rb8 11. b4 b6 12. b5 axb5 13. cxb5 Na5 14. a4 Ra8 15. e3 e6 16. Qc2 Qc7 17. Rfc1 d5 18. Ne2 Rfc8 19. Bxa5 Rxa5 20. Nd2 Ra7 21. e4 d4 22. Nc4 Rb7 23. e5 Nd5 24. Bxd5 exd5 25. Nd6 Bxe5 26. Nxc8 Qxc8 27. Qd2 Bf5 28. Ra1 c4 29. dxc4 dxc4 30. Qb4 Bd3 31. Re1 f6 32. f4 Bxe2 33. fxe5 d3 34. Rac1 d2 35. Qxd2 Qc5+ 36. Kg2 Bd3 37. Qe3 Qc6+ 38. Qf3 Qxf3+ 39. Kxf3 fxe5 40. Rxe5 Kf7 41. Ke3 Rd7 42. Rd1 Kf6 43. Re4 Rd5 44. Rd4 Re5+ 45. Kf2 Re2+ 46. Kg1 Ra2 47. R1xd3 cxd3 48. Rxd3 Ke6 49. Rd4 Ke5 50. Rd7 Rxa4 51. Rb7 Rb4 52. Rxb6 Kd5 53. Rb7 h5 54. Rb6 g5 55. Rg6 g4 56. Rg5+ Ke4 57. Rxh5 Kf3 58. Rf5+ Ke3 59. Re5+ Kf3 60. Re1 Rxb5 61. Rf1+ Ke3 62. h4 gxh3 63. Kh2 Rh5 64. g4 Rh7 65. Kg3 Ke4 66. Re1+ Kd5 67. Rh1 Ke5 68. Rxh3 Rxh3+ 69. Kxh3 Kf6 70. Kh4 Kg6 71. g5 Kg7 72. Kg3 Kh7 73. Kg4 Kg7 74. Kf4 Kg6 75. Kg4 Kg7 76. Kf5 Kf7 77. g6+ Kg7 78. Kg5 Kg8 1/2-1/2

[Event "Madeira AEJ op 11th"]
[Site "Sao Joao da Madeira"]
[Date "2014.10.11"]
[Round "6"]
[White "Marques, Jose Carlos Oliveir"]
[Black "Camacho, Diogo Fernandes Bri"]
[Result "1-0"]
[WhiteElo "1449"]
[BlackElo "1377"]
[PlyCount "113"]
[EventDate "2014.10.04"]
[EventType "swiss"]
[EventRounds "7"]
[EventCountry "POR"]
[SourceTitle "EXT 2018"]
[Source "ChessBase"]
[SourceDate "2017.10.13"]
[SourceVersion "1"]
[SourceVersionDate "2017.10.13"]
[SourceQuality "1"]

1. d4 d5 2. Nf3 Bg4 3. e3 Nf6 4. Be2 e6 5. 0-0 c5 6. c3 Bd6 7. Nbd2 Nc6 8. Qa4 0-0 9. dxc5 Bxc5 10. Nd4 Bxe2 11. Nxe2 Qd6 12. Qh4 Ne5 13. b4 Bb6 14. a4 a6 15. Ba3 Qc6 16. b5 Ng6 17. Qxf6 gxf6 18. bxc6 Rfd8 19. Bb2 bxc6 20. a5 Bc5 21. Nb3 Bd6 22. Nbd4 c5 23. Nf3 Kh8 24. Rfb1 Ne5 25. Nxe5 Bxe5 26. f4 Bd6 27. c4 e5 28. fxe5 Bxe5 29. cxd5 Rxd5 30. Nf4 Bxb2 31. Nxd5 Bxa1 32. Rxa1 Kg7 33. Nb6 Re8 34. Kf2 Kg6 35. Ke2 Kf5 36. Rf1+ Kg5 37. Nd7 f5 38. Nxc5 Re5 39. Rc1 f4 40. e4 f5 41. Kf3 fxe4+ 42. Nxe4+ Kf5 43. Rc5 h5 44. h4 Rxc5 45. Nxc5 Ke5 46. Nxa6 Kd6 47. Kxf4 Kc6 48. Kg5 Kb5 49. Nc7+ Kxa5 50. Kxh5 Kb6 51. Ne6 Kc6 52. Kg6 Kd7 53. Kf7 Kd6 54. g4 Ke5 55. g5 Kf5 56. h5 Kg4 57. h6 1-0